The art of fiction; (Record no. 2532)

MARC details
000 -LEADER
fixed length control field 01096nam a2200289I 4500
001 - CONTROL NUMBER
control field 41864
003 - CONTROL NUMBER IDENTIFIER
control field GBCCL
005 - DATE AND TIME OF LATEST TRANSACTION
control field 20241126110431.0
008 - FIXED-LENGTH DATA ELEMENTS--GENERAL INFORMATION
fixed length control field 711228s1939 xx 000 0 eng u
010 ## -
-- 39015482
035 ## - SYSTEM CONTROL NUMBER
System control number (OCoLC)00187759
040 ## - CATALOGING SOURCE
Transcribing agency OUN
049 ## -
-- LBBK
050 ## -
-- PN3355
-- .H3 1939
082 ## - DEWEY DECIMAL CLASSIFICATION NUMBER
Classification number 808.3
Item number HAM
092 ## - LOCALLY ASSIGNED DEWEY CALL NUMBER (OCLC)
Classification number 808.3
Item number H18a
100 1# - MAIN ENTRY--PERSONAL NAME
Personal name Hamilton, Clayton Meeker,
Dates associated with a name 1881-1946.
9 (RLIN) 5277
245 14 - TITLE STATEMENT
Title The art of fiction;
Remainder of title a formulation of its fundamental principles,
Statement of responsibility, etc. by Clayton Hamilton, with a foreword by Booth Tarkington, an introduction by Brander Matthews and supplementary suggestions and laboratory notes by Burges Johnson.
260 ## - PUBLICATION, DISTRIBUTION, ETC.
Place of publication, distribution, etc. New York,
Name of publisher, distributor, etc. Doubleday, Doran & co.
Date of publication, distribution, etc. [c1939]
300 ## - PHYSICAL DESCRIPTION
Extent xxxiii, 326 p.
Dimensions 20 cm.
500 ## - GENERAL NOTE
General note Previous editions have titles: Materials and methods of fiction and A manual of the art of fiction.
504 ## - BIBLIOGRAPHY, ETC. NOTE
Bibliography, etc. note "Suggested readings" at end of each chapter.
650 #0 - SUBJECT ADDED ENTRY--TOPICAL TERM
Topical term or geographic name entry element Fiction.
9 (RLIN) 5278
700 10 - ADDED ENTRY--PERSONAL NAME
Personal name Matthews, Brander,
Dates associated with a name 1852-1929.
9 (RLIN) 5279
700 10 - ADDED ENTRY--PERSONAL NAME
Personal name Johnson, Burges,
Dates associated with a name 1877-
9 (RLIN) 5280
942 ## - ADDED ENTRY ELEMENTS (KOHA)
Source of classification or shelving scheme Dewey Decimal Classification
Koha item type Books
Holdings
Withdrawn status Lost status Source of classification or shelving scheme Damaged status Not for loan Home library Current Library Shelving location Date acquired Total checkouts Full call number Barcode Date last seen Copy number Price effective from Koha item type
    Dewey Decimal Classification     GRACE BIBLE COLLEGE GRACE BIBLE COLLEGE General Studies 2017-08-23   808.3 HAM 008803 2025-05-01 c.1 2017-08-23 Books
© Grace Bible College Library 2025